[Event "St Petersburg (Women)"]
[Site "?"]
[Date "1998.??.??"]
[Round "8"]
[White "Koroljova Valerija"]
[Black "Stjazhkina Olga"]
[Result "0-1"]
[WhiteElo "2195"]
[BlackElo "2325"]
[PlyCount "74"]
[EventDate "1998.??.??"]
[Source "www.chesslib.no"]
[SourceDate "2004.05.04"]

1. e4 e5 2. f4 exf4 3. Nf3 h6 4. d4 g5 5. h4 Bg7 6. g3 g4 7. Ne5 fxg3 8. Qxg4 Qf6 9. Qxg3 Nc6 10. Nxc6 dxc6 11. Be3 Qg6 12. Qxg6 fxg6 13. Bc4 Bg4 14. Nd2 Ne7 15. Rf1 Kd7 16. Rf7 Bf8 17. Nb3 b6 18. d5 cxd5 19. exd5 Ke8 20. Rf4 h5 21. Bd4 Rh7 22. Bb5+ Bd7 23. Rxf8+ Kxf8 24. Bxd7 Nxd5 25. Bc6 Re7+ 26. Kf2 Rd8 27. c3 Rd6 28. Bb5 Kg8 29. c4 Nf6 30. Kg1 Re4 31. Bf2 Rg4+ 32. Kh2 Ne4 33. Be1 c5 34. Ba6 Rd3 35. Bb7 g5 36. hxg5 Nxg5 37. Bc3 Rh3# 0-1

[Event "Salongernas Elo"]
[Site "Salogernas"]
[Date "1993.??.??"]
[Round "?"]
[White "Furhoff, Johan"]
[Black "Lindeman, Sven"]
[Result "0-1"]
[WhiteElo "2260"]
[BlackElo "2255"]
[PlyCount "56"]
[EventDate "1993.??.??"]
[Source "www.chesslib.no"]
[SourceDate "2004.05.04"]

1. e4 e5 2. f4 exf4 3. Nf3 h6 4. d4 g5 5. Nc3 Bg7 6. g3 fxg3 7. h4 g4 8. Ng1 d6 9. Bg2 Nc6 10. Be3 Nge7 11. Qd2 Ng6 12. Nd5 Nce7 13. O-O-O Nxd5 14. exd5 Nxh4 15. Re1 Kf8 16. Bf4 Qf6 17. Rf1 Nxg2 18. Qxg2 Qxd4 19. c3 Qd3 20. Rd1 Qc4 21. Ne2 Qxa2 22. Nd4 Bxd4 23. Rxd4 Bf5 24. Kd1 Re8 25. Rf1 Be4 26. Qd2 Qb1+ 27. Qc1 Bf3+ 28. Kd2 Re2+ 0-1

[Event "World Open"]
[Site "Philadelphia, PA USA"]
[Date "1995.??.??"]
[Round "7"]
[White "Davin, Patrick"]
[Black "Levit, Roman"]
[Result "0-1"]
[WhiteElo "2225"]
[BlackElo "2275"]
[PlyCount "66"]
[EventDate "1995.06.??"]
[Source "www.chesslib.no"]
[SourceDate "2004.05.04"]

1. e4 e5 2. f4 exf4 3. Nf3 h6 4. d4 g5 5. Bc4 d6 6. h4 Bg7 7. c3 Nc6 8. b4 Qe7 9. b5 Nd8 10. Bd3 Bg4 11. Kf2 Ne6 12. Qa4 Nf8 13. Nbd2 Bd7 14. Nb3 a6 15. Qa3 a5 16. Bd2 Nf6 17. Rae1 Ng4+ 18. Kf1 Ne6 19. Qc1 a4 20. Na1 c5 21. bxc6 bxc6 22. Nc2 c5 23. hxg5 hxg5 24. Rxh8+ Bxh8 25. g3 cxd4 26. Ncxd4 Bxd4 27. Nxd4 Nc5 28. Bb1 fxg3 29. Bxg5 f6 30. Bf4 Qh7 31. Bxd6 Qh3+ 32. Ke2 Qg2+ 33. Kd1 Nf2+ 0-1

[Event "Issy Les Moulineaux"]
[Site "?"]
[Date "1996.??.??"]
[Round "4"]
[White "Baudin Frederic"]
[Black "Ballon Guenther Jan"]
[Result "0-1"]
[WhiteElo "2240"]
[BlackElo "2245"]
[PlyCount "106"]
[EventDate "1996.??.??"]
[Source "www.chesslib.no"]
[SourceDate "2004.05.04"]

1. e4 e5 2. f4 exf4 3. Nf3 h6 4. b3 d6 5. Bb2 Nf6 6. Nc3 Nc6 7. Qe2 a6 8. O-O-O Bg4 9. Re1 Be7 10. Nd5 g5 11. h4 Rg8 12. Nxe7 Qxe7 13. hxg5 hxg5 14. Qc4 O-O-O 15. Qa4 Nd7 16. Bxa6 Ncb8 17. Bb5 Ne5 18. Nxe5 dxe5 19. Ba3 Qf6 20. Bc5 Bd7 21. Bxd7+ Rxd7 22. Qa8 Rdd8 23. a4 Qc6 24. Bf2 g4 25. Rh7 Rgf8 26. Rh5 f6 27. Rh7 b6 28. Qxc6 Nxc6 29. Reh1 g3 30. Bg1 Rd7 31. Kd1 Rfd8 32. d3 Nb4 33. Rxd7 Rxd7 34. Rh8+ Rd8 35. Rh7 Rg8 36. Kd2 Nc6 37. Ke2 Nd8 38. Rh6 Rf8 39. c3 Ne6 40. Rh5 Ng5 41. Rh6 Kd7 42. Rh5 Ke6 43. Rh6 Ra8 44. c4 Rd8 45. Rh5 Kf7 46. c5 Kg6 47. Rh4 bxc5 48. Bxc5 Ne6 49. b4 Ra8 50. Rh1 Rxa4 51. Rd1 Ra2+ 52. Rd2 Rxd2+ 53. Kxd2 Nxc5 0-1

[Event "Landesliga Nord9798"]
[Site "Bayern"]
[Date "1997.??.??"]
[Round "?"]
[White "Zvara, Petr"]
[Black "Roesch, Otto"]
[Result "1/2-1/2"]
[WhiteElo "2400"]
[BlackElo "2075"]
[PlyCount "87"]
[EventDate "1997.10.??"]
[Source "www.chesslib.no"]
[SourceDate "2004.05.04"]

1. e4 e5 2. f4 exf4 3. Nf3 h6 4. d4 g5 5. Bc4 Bg7 6. O-O Ne7 7. c3 O-O 8. g3 d5 9. exd5 Nxd5 10. gxf4 Nxf4 11. Bxf4 gxf4 12. Kh1 Bf5 13. Qd2 Qd6 14. Na3 c6 15. Rae1 Nd7 16. Nh4 Be6 17. Rxf4 Bxc4 18. Nxc4 Qd5+ 19. Qg2 Qxg2+ 20. Kxg2 Rae8 21. Rg1 Bf6 22. Nd6 Bxh4 23. Nxe8 Be7 24. Kf1+ Kh8 25. Ng7 Bg5 26. Rf3 Kxg7 27. h4 f6 28. hxg5 hxg5 29. Re3 Rf7 30. Ke2 Nb6 31. Re8 Nd5 32. Kf3 Nf4 33. a4 Kg6 34. c4 Kf5 35. Rh1 Rd7 36. Rd1 Rh7 37. Ke3 Rh2 38. Rg8 g4 39. d5 c5 40. Rd2 Rh3+ 41. Kf2 Rh2+ 42. Ke3 Rh3+ 43. Kf2 Rh2+ 44. Ke3 1/2-1/2

[Event "Politiken Cup"]
[Site "Copenhagen"]
[Date "2001.07.20"]
[Round "5"]
[White "Kleinschroth, Roland"]
[Black "Greiff, Hakan"]
[Result "1/2-1/2"]
[WhiteElo "2160"]
[BlackElo "2299"]
[PlyCount "117"]
[EventDate "2001.07.16"]
[Source "ChessBase"]
[SourceDate "2001.09.11"]

1. e4 e5 2. f4 exf4 3. Nf3 h6 4. d4 g5 5. Bc4 d6 6. h4 Bg7 7. Qd3 g4 8. Ng1 Qf6 9. Nc3 Ne7 10. Nce2 Ng6 11. h5 f3 12. gxf3 Nh4 13. f4 c6 14. Qg3 d5 15. Bb3 dxe4 16. Rxh4 O-O 17. Be3 a5 18. Nc3 Bf5 19. Nge2 b5 20. a4 b4 21. Nd1 Qe7 22. Nf2 Bf6 23. Rh1 Kh8 24. O-O-O Nd7 25. Kb1 Rg8 26. Rd2 Rac8 27. Nc1 Nb6 28. Ka2 Kh7 29. Kb1 Bh8 30. Ne2 Bf6 31. Nd1 Rgd8 32. Qe1 Be6 33. Nc1 Bg7 34. Rg1 f5 35. Rh1 Rd7 36. Rhh2 Rcd8 37. Ka2 Qf6 38. Ka1 Nc4 39. Bxc4 Bxc4 40. Kb1 Bf7 41. Nb3 Rd5 42. Qe2 Qe6 43. Qf1 Qe8 44. Qh1 c5 45. Nxc5 Rxc5 46. dxc5 Rxd2 47. Rxd2 Qxa4 48. Rd4 Bxd4 49. Bxd4 Qa2+ 50. Kc1 Qc4 51. Be5 b3 52. Bc3 Qe2 53. Bd2 g3 54. Ne3 Bxh5 55. Qh4 g2 56. Qe7+ Kg8 57. Qd8+ Kh7 58. Qe7+ Kg8 59. Qd8+ 1/2-1/2

[Event "Cannes opB18th"]
[Site "Cannes"]
[Date "1997.??.??"]
[Round "5"]
[White "Calistri, Tristan"]
[Black "Libens, Michel"]
[Result "0-1"]
[WhiteElo "2265"]
[BlackElo "2180"]
[PlyCount "34"]
[EventDate "1997.02.22"]
[Source "www.chesslib.no"]
[SourceDate "2004.05.04"]

1. e4 e5 2. f4 exf4 3. Nf3 h6 4. d4 g5 5. Bc4 d6 6. g3 g4 7. Nh4 f3 8. c3 Be7 9. Qb3 Bxh4 10. Bxf7+ Kf8 11. Bxg8 Qe7 12. O-O Bg5 13. Bxg5 hxg5 14. Bc4 Qxe4 15. Nd2 Qe3+ 16. Rf2 Rxh2 17. Raf1 Rg2+ 0-1

[Event "Arco"]
[Site "?"]
[Date "2003.10.20"]
[Round "3"]
[White "Swinkels Robin"]
[Black "Prakken Gerrit"]
[Result "0-1"]
[WhiteElo "2170"]
[BlackElo "2249"]
[PlyCount "92"]
[EventDate "2003.??.??"]
[Source "www.chesslib.no"]
[SourceDate "2004.05.04"]

1. e4 e5 2. f4 exf4 3. Nf3 h6 4. Bc4 g5 5. h4 Bg7 6. d4 d6 7. Nc3 Nc6 8. Ne2 Bg4 9. O-O Qe7 10. Bd5 Nf6 11. hxg5 hxg5 12. Bxc6+ bxc6 13. Nxg5 Nxe4 14. Nxe4 Qxe4 15. Rxf4 Qxe2 16. Qxe2+ Bxe2 17. Re4+ Kd7 18. Rxe2 Bxd4+ 19. Be3 Bxb2 20. Rb1 Be5 21. Rb4 Rab8 22. Rxb8 Rxb8 23. Bxa7 Ra8 24. Be3 Rxa2 25. Kf2 Ra4 26. Kf3 f5 27. g3 Rc4 28. Rh2 Rc3 29. Rh7+ Ke6 30. Ke2 Rxc2+ 31. Kd3 Rg2 32. Bf4 c5 33. Rxc7 Ra2 34. Rc8 Ra3+ 35. Ke2 Kd5 36. Bxe5 dxe5 37. Rg8 c4 38. g4 f4 39. g5 Ke4 40. g6 Ra2+ 41. Kd1 Rg2 42. g7 c3 43. Kc1 f3 44. Kd1 c2+ 45. Kc1 f2 46. Rf8 Ke3 0-1

[Event "EU Ch fax corr"]
[Site "?"]
[Date "1996.??.??"]
[Round "?"]
[White "Nightingale, Darrell"]
[Black "Faeldt, S."]
[Result "1/2-1/2"]
[WhiteElo "2200"]
[BlackElo "2200"]
[PlyCount "78"]
[EventDate "1996.??.??"]
[Source "www.chesslib.no"]
[SourceDate "2004.05.04"]

1. e4 e5 2. f4 exf4 3. Nf3 h6 4. d4 g5 5. Nc3 d6 6. g3 fxg3 7. hxg3 Bg7 8. Bc4 Nf6 9. Qd3 Nc6 10. a3 Bg4 11. Rf1 a6 12. Be3 Bh3 13. Rf2 Ng4 14. Bxf7+ Kf8 15. Bh5 Nxf2 16. Bxf2 Qd7 17. O-O-O Ke7 18. e5 Bf5 19. Qd2 d5 20. Kb1 Kd8 21. Nh2 Na5 22. Qe2 Nc4 23. Ng4 Rf8 24. Ne3 Nxe3 25. Bxe3 c6 26. Na4 Kc7 27. g4 Bh7 28. e6 Qe7 29. Qh2+ Qd6 30. Bg1 Rf4 31. Qd2 Qxe6 32. Re1 Be4 33. Bh2 b6 34. Bxf4+ gxf4 35. Qxf4+ Kb7 36. Nc3 Rf8 37. Nxe4 Rxf4 38. Nc5+ bxc5 39. Rxe6 Kb6 1/2-1/2

[Event "EU-ch U18"]
[Site "?"]
[Date "2003.09.20"]
[Round "7"]
[White "Niemi Kalle"]
[Black "Tallaksen Geir Sune"]
[Result "0-1"]
[WhiteElo "2108"]
[BlackElo "2285"]
[PlyCount "124"]
[EventDate "2003.??.??"]
[Source "www.chesslib.no"]
[SourceDate "2004.05.04"]

1. e4 e5 2. f4 exf4 3. Nf3 h6 4. b3 d5 5. exd5 Nf6 6. Nc3 Bc5 7. Qe2+ Qe7 8. Bb2 O-O 9. O-O-O Qxe2 10. Bxe2 Nbd7 11. Na4 Bd6 12. c4 b5 13. Nc3 bxc4 14. bxc4 Re8 15. Rde1 Ba6 16. Nd4 Bc5 17. Ndb5 Bb6 18. Rhf1 Re7 19. Ba3 Bc5 20. Bxc5 Nxc5 21. d4 Nce4 22. Bd3 Rae8 23. Nxe4 Nxe4 24. Nxa7 Nf2 25. Rxe7 Nxd3+ 26. Kd2 Rxe7 27. Kxd3 Re3+ 28. Kd2 Bxc4 29. Rxf4 Re2+ 30. Kc3 Bxd5 31. a4 Ra2 32. Kb4 Rxg2 33. Nb5 Bc6 34. Nxc7 Bxa4 35. d5 Bd7 36. Kc5 Rxh2 37. Kd6 Bc8 38. Re4 Bf5 39. Re8+ Kh7 40. Ke5 Bg4 41. Rf8 Rf2 42. d6 h5 43. Rd8 Rd2 44. Nd5 f6+ 45. Ke4 Bf3+ 46. Kxf3 Rxd5 47. d7 Kg6 48. Ke4 Rd1 49. Kf4 Kf7 50. Rh8 Rxd7 51. Rxh5 g5+ 52. Kf5 Rd5+ 53. Ke4 Re5+ 54. Kf3 g4+ 55. Kxg4 Rxh5 56. Kxh5 Ke6 57. Kg4 Ke5 58. Kf3 Kf5 59. Kf2 Kf4 60. Kg2 Ke3 61. Kf1 Kf3 62. Ke1 f5 0-1

[Event "3. Savaria Summer Open"]
[Site "?"]
[Date "2003.07.24"]
[Round "6"]
[White "Amrein Roland"]
[Black "Nagy Helga"]
[Result "0-1"]
[WhiteElo "2287"]
[BlackElo "2080"]
[PlyCount "124"]
[EventDate "2003.??.??"]
[Source "www.chesslib.no"]
[SourceDate "2004.05.04"]

1. e4 e5 2. f4 exf4 3. Nf3 h6 4. Bc4 d6 5. d4 g5 6. h4 Bg7 7. c3 c6 8. O-O Na6 9. a4 Nc7 10. Qe2 Qe7 11. Re1 Bd7 12. a5 O-O-O 13. Na3 Re8 14. Qf2 g4 15. Nd2 d5 16. Qxf4 Qxh4 17. Rf1 Ne6 18. g3 Nxf4 19. gxh4 Nh3+ 20. Kg2 dxc4 21. Naxc4 Re7 22. b3 Be6 23. Ba3 Rd7 24. Nd6+ Kb8 25. Ne8 Rh7 26. Bd6+ Kc8 27. Bc5 a6 28. e5 Bh8 29. Rad1 Ne7 30. Nd6+ Rxd6 31. exd6 Nf5 32. Rde1 h5 33. Rxf5 Bxf5 34. Re8+ Kd7 35. Rb8 Bf6 36. Nc4 Rh8 37. Ne5+ Ke6 38. Rxb7 Bxh4 39. d7 Nf4+ 40. Kg1 Ne2+ 41. Kf1 Ng3+ 42. Kg1 Ne4 43. Nxf7 Nxc5 44. dxc5 Rf8 45. Nd6 Bd3 46. Rc7 Bf2+ 47. Kg2 h4 48. Nf7 Bxc5 49. d8=Q Rxd8 50. Nxd8+ Kf5 51. Rf7+ Kg6 52. Rf4 Kh5 53. Nf7 Ba7 54. Rd4 Bxd4 55. cxd4 Be4+ 56. Kh2 g3+ 57. Kh3 g2 58. Kh2 Kg4 59. b4 Kf3 60. Nd6 Bd5 61. Kg1 h3 62. Nf5 h2+ 0-1

[Event "IV Memorial Geller"]
[Site "Odessa UCR"]
[Date "2008.09.13"]
[Round "5"]
[White "Stets, V."]
[Black "Mamedov, A."]
[Result "1-0"]
[WhiteElo "2265"]
[BlackElo "2094"]
[PlyCount "141"]
[EventDate "2008.09.09"]
[Source "www.chesslib.no"]
[SourceDate "2004.05.04"]

1. e4 e5 2. f4 exf4 3. Nf3 h6 4. Bc4 d6 5. d4 g5 6. h4 Bg7 7. c3 Qe7 8. Qd3 g4 9. Ng1 Bf5 10. Bd5 c6 11. Qe2 Bd7 12. Bb3 Nf6 13. Bxf4 Nxe4 14. Nd2 Nxd2 15. Kxd2 Qxe2+ 16. Nxe2 d5 17. Rae1 O-O 18. Ng3 Be6 19. Bc2 Nd7 20. Nf5 h5 21. Ng3 Nf6 22. Rhf1 Rfe8 23. a3 Ne4+ 24. Nxe4 dxe4 25. Bxe4 Bc4 26. Bd3 Bd5 27. g3 Bg2 28. Rg1 Bd5 29. Bf5 Bf6 30. Rxe8+ Rxe8 31. Re1 Rxe1 32. Kxe1 Be6 33. Be4 Kf8 34. Kd2 Bd5 35. Kd3 Be6 36. c4 Bg7 37. d5 cxd5 38. cxd5 Bd7 39. b3 Bb5+ 40. Kd2 Ke8 41. a4 Bd7 42. Ke3 Kd8 43. d6 b6 44. Bg5+ Ke8 45. Bc2 Be6 46. Ke4 Kd7 47. Bf4 Bf8 48. b4 Bxd6 49. Bxd6 Kxd6 50. Kf4 a5 51. bxa5 bxa5 52. Kg5 Ke5 53. Kxh5 Kf6 54. Kh6 Ke5 55. h5 f5 56. Kg5 f4 57. gxf4+ Kd6 58. Kh4 Ke7 59. f5 Bg8 60. Kxg4 Kf6 61. Kf4 Bh7 62. h6 Bg8 63. Ke4 Kg5 64. Kd4 Kxh6 65. Kc5 Kg5 66. Kb6 Bd5 67. Kxa5 Kf6 68. Kb6 Ke5 69. a5 Ba8 70. a6 Bd5 71. Kc7 1-0

[Event "OLO-B9798"]
[Site "Germany"]
[Date "1997.??.??"]
[Round "?"]
[White "Rechel, Ralf"]
[Black "Oparaugo, Thomas"]
[Result "0-1"]
[WhiteElo "2210"]
[BlackElo "2140"]
[PlyCount "60"]
[EventDate "1997.09.??"]
[Source "www.chesslib.no"]
[SourceDate "2004.05.04"]

1. e4 e5 2. f4 exf4 3. Nf3 h6 4. Bc4 g5 5. d4 Bg7 6. h4 d6 7. O-O Nc6 8. c3 Qe7 9. b4 Bd7 10. b5 Na5 11. Bd3 O-O-O 12. Nbd2 b6 13. Nb3 Nb7 14. a4 Be6 15. Nfd2 Na5 16. Nxa5 bxa5 17. Nb3 Bxb3 18. Qxb3 Nf6 19. Ba3 Qe6 20. Bc4 d5 21. exd5 Qe3+ 22. Kh1 Qg3 23. Rf3 Qxh4+ 24. Rh3 Qg4 25. d6 Rde8 26. dxc7 Kxc7 27. Bxf7 Qe2 28. Bxe8 Rxe8 29. Qf7+ Kc8 30. Qxg7 Qe1+ 0-1

[Event "Politiken Cup"]
[Site "Copenhagen"]
[Date "1999.07.06"]
[Round "4"]
[White "Brameld, Arthur F"]
[Black "Hvenekilde, Jorgen"]
[Result "0-1"]
[WhiteElo "2109"]
[BlackElo "2239"]
[PlyCount "68"]
[EventDate "1999.07.04"]
[Source "ChessBase"]
[SourceDate "1999.09.14"]

1. e4 e5 2. f4 exf4 3. Nf3 h6 4. Bc4 Nc6 5. d4 g5 6. h4 Bg7 7. hxg5 hxg5 8. Rxh8 Bxh8 9. g3 g4 10. Nh4 f3 11. Be3 Nge7 12. Nc3 Na5 13. Bd3 d5 14. Qd2 c5 15. exd5 c4 16. Bh7 Nxd5 17. O-O-O Nxc3 18. Qxc3 Qd5 19. Bd2 Nc6 20. Qe3+ Be6 21. Bc3 Bf6 22. Kb1 O-O-O 23. Be4 Qg5 24. Qf2 Bd5 25. Bf5+ Kc7 26. Bd2 Qh5 27. Bf4+ Kb6 28. Be4 Bxe4 29. d5+ Ka6 30. Qc5 Na5 31. b4 cxb3 32. axb3 Rxd5 33. Qd6+ Rxd6 34. Rxd6+ b6 0-1

[Event "Hallstahammar Open"]
[Site "?"]
[Date "2003.09.13"]
[Round "4"]
[White "Edlund Robin"]
[Black "Ong Kevin"]
[Result "1-0"]
[WhiteElo "2275"]
[BlackElo "2066"]
[PlyCount "39"]
[EventDate "2003.??.??"]
[Source "www.chesslib.no"]
[SourceDate "2004.05.04"]

1. e4 e5 2. f4 exf4 3. Nf3 h6 4. d4 g5 5. Nc3 Bg7 6. g3 fxg3 7. hxg3 Nc6 8. Be3 Nge7 9. Bc4 Na5 10. Qd3 a6 11. O-O-O b5 12. Bb3 Nxb3+ 13. axb3 Ng6 14. e5 Bb7 15. d5 O-O 16. Qf5 Ne7 17. Qh3 f5 18. Bxg5 hxg5 19. Qh7+ Kf7 20. Nxg5+ 1-0

[Event "18.Schlosspark op Wiesbaden"]
[Site "?"]
[Date "1999.08.29"]
[Round "3"]
[White "Rechel Bernd"]
[Black "Schneider Johannes"]
[Result "1-0"]
[WhiteElo "2404"]
[BlackElo "1935"]
[PlyCount "57"]
[EventDate "1999.??.??"]
[Source "www.chesslib.no"]
[SourceDate "2004.05.04"]

1. e4 e5 2. f4 exf4 3. Nf3 h6 4. d4 g5 5. Nc3 d6 6. g3 Bg7 7. gxf4 g4 8. Ng1 Qh4+ 9. Ke2 b6 10. Be3 Ba6+ 11. Kd2 c5 12. Bxa6 Nxa6 13. Nge2 Qd8 14. Kc1 Ne7 15. f5 Nc7 16. Rg1 h5 17. h3 Nc6 18. hxg4 cxd4 19. Nxd4 Nxd4 20. Bxd4 Qg5+ 21. Kb1 Bxd4 22. Qxd4 O-O-O 23. a4 hxg4 24. a5 g3 25. axb6 axb6 26. Qxb6 Kd7 27. Ra7 Rc8 28. Nd5 Qd8 29. Qb5# 1-0

[Event "Bad Woerishofen op"]
[Site "Bad Woerishofen"]
[Date "2000.03.24"]
[Round "8"]
[White "Hoennekes, Klaus"]
[Black "Ballon, Guenther Jan"]
[Result "0-1"]
[WhiteElo "2092"]
[BlackElo "2240"]
[PlyCount "74"]
[EventDate "2000.03.??"]
[Source "ChessBase"]
[SourceDate "2000.05.11"]

1. e4 e5 2. f4 exf4 3. Nf3 h6 4. b3 d5 5. exd5 Qxd5 6. Nc3 Qd8 7. Bb2 Nf6 8. Bc4 Bd6 9. Qe2+ Qe7 10. Qxe7+ Kxe7 11. Nb5 Be6 12. Nxd6 cxd6 13. O-O Nc6 14. Rae1 Rhd8 15. Nd4 Nxd4 16. Bxd4 d5 17. Bd3 g5 18. Re2 Nd7 19. Bb5 a6 20. Bd3 Kd6 21. c3 Bg4 22. Ree1 Re8 23. h3 Rxe1 24. Rxe1 Be6 25. c4 dxc4 26. bxc4 Rc8 27. Bb2 Nc5 28. Bf1 Na4 29. Ba3+ Kd7 30. d4 Bxc4 31. Re7+ Kd8 32. Rxb7 Bxf1 33. Kxf1 Rc2 34. Rxf7 Rxa2 35. Bf8 Ke8 36. Rf6 Nc3 37. Bxh6 Ra1+ 0-1

[Event "Saint-Lo (tournoi MI feminin)"]
[Site "?"]
[Date "2004.07.12"]
[Round "5"]
[White "Blazkova Petra"]
[Black "Gutierrez Castillo Paloma"]
[Result "1-0"]
[WhiteElo "2226"]
[BlackElo "2106"]
[PlyCount "85"]
[EventDate "2004.??.??"]
[Source "www.chesslib.no"]
[SourceDate "2004.05.04"]

1. e4 e5 2. f4 exf4 3. Nf3 h6 4. d4 g5 5. h4 Bg7 6. hxg5 hxg5 7. Rxh8 Bxh8 8. g3 d5 9. Qe2 dxe4 10. Qxe4+ Qe7 11. Qxe7+ Nxe7 12. gxf4 gxf4 13. Bxf4 Nd5 14. Bg5 Bf5 15. Nc3 Nxc3 16. bxc3 f6 17. Bf4 Bxc2 18. Kd2 Bf5 19. Bb5+ c6 20. Re1+ Kd7 21. Bc4 Na6 22. Nh4 Bh7 23. Be6+ Kd8 24. Bf5 Bxf5 25. Nxf5 Nc7 26. Re7 Nd5 27. Rh7 Rc8 28. Bd6 b6 29. Rxh8+ Kd7 30. Rxc8 Kxc8 31. c4 Nc7 32. Bxc7 Kxc7 33. Kd3 Kd7 34. d5 cxd5 35. cxd5 Kc7 36. Ke4 a6 37. Kd4 Kd7 38. Ne3 Kc7 39. Ke4 Kd6 40. Kf5 Ke7 41. Ng4 b5 42. Nxf6 a5 43. Ke5 1-0

[Event "Villa Ballester op 52nd"]
[Site "?"]
[Date "2002.01.08"]
[Round "5"]
[White "Coda Carlos"]
[Black "Bitelmajer Martin"]
[Result "1-0"]
[WhiteElo "2127"]
[BlackElo "2195"]
[PlyCount "55"]
[EventDate "2002.??.??"]
[Source "www.chesslib.no"]
[SourceDate "2004.05.04"]

1. e4 e5 2. f4 exf4 3. Nf3 h6 4. Bc4 d6 5. d4 Nf6 6. Nc3 Be7 7. Bxf4 O-O 8. O-O c6 9. Qd2 b5 10. Bd3 Nh7 11. e5 dxe5 12. dxe5 Ng5 13. Rae1 Be6 14. Ne4 Nxe4 15. Rxe4 Bc5+ 16. Kh1 Bf5 17. Ree1 Bxd3 18. cxd3 a5 19. Re4 h5 20. Bg5 Qd5 21. Rh4 f6 22. exf6 gxf6 23. Rxh5 Rf7 24. d4 Be7 25. Qd3 fxg5 26. Qg6+ Rg7 27. Qe8+ Bf8 28. Ne5 1-0

[Event "Nordic-ch"]
[Site "Bergen"]
[Date "2001.08.11"]
[Round "8"]
[White "Johansson, Thomas"]
[Black "Karlsen, Terje"]
[Result "1-0"]
[WhiteElo "2250"]
[BlackElo "2068"]
[PlyCount "69"]
[EventDate "2001.08.04"]
[Source "ChessBase"]
[SourceDate "2001.09.11"]

1. e4 e5 2. f4 exf4 3. Nf3 h6 4. b3 Nf6 5. Qe2 d5 6. exd5+ Be7 7. d6 Qxd6 8. Ba3 Qe6 9. Nd4 Qxe2+ 10. Bxe2 c5 11. Nb5 Kd8 12. O-O a6 13. N5c3 g5 14. Na4 Nbd7 15. c4 Re8 16. Nbc3 Kc7 17. Bf3 Rb8 18. Be2 b6 19. Nb2 Ne5 20. g3 Bh3 21. Rf2 Ng6 22. Nd3 Bd6 23. b4 Be5 24. bxc5 Bd4 25. cxb6+ Rxb6 26. Bc5 Bxf2+ 27. Nxf2 Rbe6 28. Bd4 Rxe2 29. Nxe2 Rxe2 30. Bxf6 Be6 31. d4 fxg3 32. hxg3 Re3 33. Kg2 Rc3 34. d5 Bf5 35. Bxc3 1-0

[Event "BEL-chT 0102"]
[Site "?"]
[Date "2002.10.12"]
[Round "7"]
[White "Vermeulen Bram"]
[Black "Van Leeuwen Etienne"]
[Result "1-0"]
[WhiteElo "2148"]
[BlackElo "2154"]
[PlyCount "73"]
[EventDate "2002.??.??"]
[Source "www.chesslib.no"]
[SourceDate "2004.05.04"]

1. e4 e5 2. f4 exf4 3. Nf3 h6 4. b3 Nf6 5. e5 Ne4 6. Qe2 Ng5 7. d4 Nxf3+ 8. Qxf3 Nc6 9. c3 d6 10. Bb5 Bd7 11. Bxc6 Bxc6 12. d5 Bd7 13. e6 fxe6 14. Qh5+ Ke7 15. Bxf4 Qe8 16. Bg5+ hxg5 17. Qxh8 e5 18. O-O Qg6 19. Nd2 Bf5 20. Rf2 Qh7 21. Qxh7 Bxh7 22. Raf1 Bg8 23. c4 c6 24. Ne4 cxd5 25. cxd5 Bxd5 26. Nxd6 Kxd6 27. Rxf8 Rxf8 28. Rxf8 Be4 29. Kf2 g6 30. Ke3 Ke7 31. Ra8 Bxg2 32. Rxa7 Kd6 33. Ra8 Bh3 34. Rd8+ Kc7 35. Rd5 e4 36. Rxg5 Bf5 37. h4 1-0

[Event "Polanica Zdroj Open"]
[Site "Polanica Zdroj POL"]
[Date "1994.??.??"]
[Round "?"]
[White "Kowalski, Michal"]
[Black "Dziadykiewcz, Tadeusz"]
[Result "1-0"]
[WhiteElo "2180"]
[BlackElo "2105"]
[PlyCount "37"]
[EventDate "1994.??.??"]
[Source "www.chesslib.no"]
[SourceDate "2004.05.04"]

1. e4 e5 2. f4 exf4 3. Nf3 h6 4. d4 g5 5. h4 Bg7 6. hxg5 hxg5 7. Rxh8 Bxh8 8. g3 g4 9. Ne5 Bxe5 10. dxe5 f3 11. Bf4 Ne7 12. Qd2 Nbc6 13. Nc3 b6 14. O-O-O Bb7 15. Nd5 Nxd5 16. exd5 Ne7 17. Bg5 d6 18. Bb5+ Kf8 19. Bf6 1-0